|
|
|
|
| LEADER |
01140nam a2200349 4500 |
| 001 |
DLU030022892 |
| 005 |
##20020817204409.0 |
| 008 |
##990402s1999 gw a b 001 0 eng |
| 010 |
# |
# |
|a 99192528
|
| 020 |
# |
# |
|a 3527297502 (acid-free paper)
|
| 035 |
# |
# |
|9 (DLC) 99192528
|
| 040 |
# |
# |
|a DLC
|c DLC
|d DLC
|
| 050 |
# |
# |
|a QD79.C45
|b R66 1999
|
| 082 |
# |
# |
|a 543.089 6
|b RO-D
|
| 100 |
# |
# |
|a Rood, Dean.
|
| 245 |
# |
# |
|a A practical guide to the care, maintenance, and troubleshooting of capillary gas chromatographic systems /
|c Dean Rood.
|
| 250 |
# |
# |
|a 3rd, rev. ed.
|
| 260 |
# |
# |
|a Weinheim ;
|a New York :
|b Wiley-VCH,
|c c1999.
|
| 300 |
# |
# |
|a xx, 323 p. :
|b ill. ;
|c 22 cm.
|
| 504 |
# |
# |
|a Includes bibliographical references (p. 306) and index.
|
| 650 |
# |
# |
|a Gas chromatography
|x Instruments
|x Maintenance and repair.
|
| 650 |
# |
# |
|a Gas chromatography.
|
| 856 |
# |
# |
|3 Table of contents
|u http://www.loc.gov/catdir/toc/wiley022/99192528.html
|
| 992 |
# |
# |
|a 95
|
| 994 |
# |
# |
|a DLU
|
| 900 |
# |
# |
|a True
|
| 911 |
# |
# |
|a Thái Thị Thanh Thủy
|
| 925 |
# |
# |
|a G
|
| 926 |
# |
# |
|a A
|
| 927 |
# |
# |
|a SH
|
| 980 |
# |
# |
|a Thư viện Trường Đại học Đà Lạt
|